000 00758nam a2200217Ia 4500
005 20220825105050.0
008 210716s2009 xx 000 0 und d
020 _a9788181473721
040 _cAIMIT LIBRARY
041 _aeng
082 _a574.80285
_21
_bLACZ
245 _aBioinformatics :
_bmanaging scientific data /
_cEdited by Zoe Lacroix and Terence Critchlow.
250 _a1st ed.
260 _aNew Delhi :
_bMorgan Kaufmann .
_c2009.
300 _axxi, 441p. ;
_c23 cm.
650 _aThe information integration system K2
_955461
650 _aDiscovery link
_955462
650 _aCompared evalution of scientific data management systems
_955463
700 _aCritchlow, Terence.;Lacroix, Zoe
_955464
942 _2ddc
_cBK
_e1st
_k574.80285 LACZ
999 _c194498
_d194498